000 01473nam0a2200325 4500
001 RU\NLR\BIBL_A\022601772
005 20260417104504.0
010 _a978-5-00245-384-9
_9300
021 _aRU
_bКН-П-25-035892
_9КН-П-25-3533
035 _a(NLR Aleph) 022601772
090 _a13681764
_c13681764
100 _a20250815d2025 k y0rusy50 ca
101 0 _arus
_aeng
102 _aRU
105 _ay z 100yy
181 0 _ai4
_baxxe
182 0 _an
200 1 _aМатериалы XVI Международной орнитологической конференции Северной Евразии (21-24 апреля 2025 г.)
_fМензбировское орнитологическое общество [и др.]
203 _aТекст
_bвизуальный
_cнепосредственный
210 _aКазань
_cШкола
_d2025
215 _a300 с.
_d21
300 _aЧасть текста англ.
606 1 _aОрнитологические исследования
_jСъезды, совещания и т.п
_yЕвразия Северная
_92459393
_3RU\NLR\AUTH\661461539
686 1 _aЕ693.35(051)я431(0)
710 1 2 _aМеждународная орнитологическая конференция Северной Евразии
_d16
_eКазань
_f2025
_92674243
_3RU\NLR\AUTH\880630049
942 _cBOOK
980 _aNB